| 000 | 01823nam a2200301 4500 | ||
|---|---|---|---|
| 003 | EC-UNACH | ||
| 005 | 20251125151305.0 | ||
| 006 | s||||gr|||| 00| 00 | ||
| 008 | 150116t9999 mx r gr 000 0 spa d | ||
| 020 | _a978-9978-55-110-3 | ||
| 040 |
_aEC-UNACH _cEC-UNACH |
||
| 041 | _aspa | ||
| 082 | 0 | 4 |
_223 _a302.2 _bL018399 |
| 110 | _aEditorial Quipus CIESPAL | ||
| 245 | _aLa democratización de la comunicación y la información en América Latina | ||
| 250 | _aPrimera Edición | ||
| 264 |
_aEcuador _bEditorial Quipus CIESPAL _c2013 |
||
| 300 | _a173 | ||
| 505 | _aParte I Regulación y autorregulación de los medios Reflexión inicial Ponencias centrales La regulación democrática de los medios de comunicación Resolución de conflictos entre los medios de comunicación y los gobiernos para beneficio de la democracia Foro General. Parte II La democratización de la comunicación y la información en América Latina. El papel de los medios de comunicación independientes en las democracias latinoamericanas. John Dinges Comunicación social en América Latina: la palabra clave no es menos, es más. Franklin Mastrini Diversidad y acceso equitativo a los medios de comunicación. Guillermo Mastrini La Argentina de la Ley de Servicios de Comunicación Audiovisual. Santiago Marino Desarrollo y sustentabilidad de las radios comunitarias, populares e indígenas. Marín Pía Matta El papel de los medios públicos y privados en la construcción de ciudadanía | ||
| 650 | _aREGULACIÓN DE LOS MEDIOS | ||
| 650 | _aDEMOCRATIZACIÓN DE LA COMUNICACIÓN | ||
| 650 | _aEL PAPEL DE LOS MEDIOS PUBLICOS | ||
| 700 | _aCiespal | ||
| 942 |
_2ddc _c1 |
||
| 999 | _c14221 | ||